<?xml version="1.0" encoding="UTF-8"?><?xml-stylesheet type="text/xsl" href="static/style.xsl"?><OAI-PMH xmlns="http://www.openarchives.org/OAI/2.0/" xmlns:xsi="http://www.w3.org/2001/XMLSchema-instance" xsi:schemaLocation="http://www.openarchives.org/OAI/2.0/ http://www.openarchives.org/OAI/2.0/OAI-PMH.xsd"><responseDate>2026-06-02T07:03:52Z</responseDate><request verb="GetRecord" identifier="oai:riuma.uma.es:10630/6471" metadataPrefix="marc">https://riuma.uma.es/rest/oai/request</request><GetRecord><record><header><identifier>oai:riuma.uma.es:10630/6471</identifier><datestamp>2026-02-03T12:52:53Z</datestamp><setSpec>com_10630_5701</setSpec><setSpec>com_10630_3139</setSpec><setSpec>com_10630_10</setSpec><setSpec>col_10630_6433</setSpec></header><metadata><record xmlns="http://www.loc.gov/MARC21/slim" xmlns:dcterms="http://purl.org/dc/terms/" xmlns:doc="http://www.lyncode.com/xoai" xmlns:xsi="http://www.w3.org/2001/XMLSchema-instance" xsi:schemaLocation="http://www.loc.gov/MARC21/slim http://www.loc.gov/standards/marcxml/schema/MARC21slim.xsd">
   <leader>00925njm 22002777a 4500</leader>
   <datafield ind2=" " ind1=" " tag="042">
      <subfield code="a">dc</subfield>
   </datafield>
   <datafield ind2=" " ind1=" " tag="720">
      <subfield code="a">Hertogs-Biarge, Ignacio</subfield>
      <subfield code="e">author</subfield>
   </datafield>
   <datafield ind2=" " ind1=" " tag="260">
      <subfield code="c">2010</subfield>
   </datafield>
   <datafield ind2=" " ind1=" " tag="520">
      <subfield code="a">En la Málaga de los años 20 uno de los colectivos de trabajadoras más reivindicativos y concienciados fue el de las matronas. La de Churriana, Josefa Lázaro Gómez, fue especialmente combativa en su lucha por mantener su dignidad personal y profesional. Su historia se narra en las siguientes páginas.</subfield>
   </datafield>
   <datafield ind2=" " ind1=" " tag="520">
      <subfield code="a">In the 1920s midwifes were among the most aware and active working women’s groups fighting for their civil rights in the province of Málaga. The district of Churriana witnessed the struggle of its particularly courageous midwife, Josefa Lázaro Gómez, for her personal and professional dignity. These pages tell her story.</subfield>
   </datafield>
   <datafield ind1="8" ind2=" " tag="024">
      <subfield code="a">GONZÁLEZ CASTILLEJO, MARÍA JOSÉ "Josefa Lázaro o la coincidencia de ser matrona en la Málaga de los años 20" Baética, 32, 2010, 527</subfield>
   </datafield>
   <datafield ind1="8" ind2=" " tag="024">
      <subfield code="a">0212-5099</subfield>
   </datafield>
   <datafield ind1="8" ind2=" " tag="024">
      <subfield code="a">http://hdl.handle.net/10630/6471</subfield>
   </datafield>
   <datafield tag="653" ind2=" " ind1=" ">
      <subfield code="a">Lázaro Gómez, Josefa</subfield>
   </datafield>
   <datafield ind2="0" ind1="0" tag="245">
      <subfield code="a">Josefa Lázaro o la coincidencia de ser matrona en la Málaga de los años 20</subfield>
   </datafield>
</record>
</metadata></record></GetRecord></OAI-PMH>